| 000 | 00782nam a22001937a 4500 | ||
|---|---|---|---|
| 999 |
_c134974 _d134974 |
||
| 005 | 20180206114312.0 | ||
| 008 | 170622b mx ||||| |||| 00| 0 spa d | ||
| 020 | _a9789688597057 | ||
| 050 | 0 | 4 |
_aD13 .5 .M6 _bS46 2004 |
| 111 | 2 |
_aSeminario : El Impacto de la Cultura de lo Escrito en la Historia de México, siglos XVI al XX _cCiudad de México) _d(2004 : |
|
| 245 | 1 | 0 |
_aEl impacto de la cultura de lo escrito _c/ Valentina Torres Septién, coordinadora |
| 250 | _a1a, ed. | ||
| 260 |
_aMéxico : _bUniversidad Iberoamérican, Departamento de Historia, _c2008. |
||
| 300 |
_a262 p. ; _c21 cm. |
||
| 650 | 7 |
_2LEMB _aHistoriografía _zMéxico _vCongresos |
|
| 651 | 7 |
_2LEMB _aMéxico _xHistoria _vCongresos |
|
| 700 | 1 |
_aTorres Septien, Valentina, _ecoord. |
|
| 942 |
_2lcc _cLIB |
||